Villes mondiales finissant par M - Statistiques

Statistiques générales
  • Ce quiz a été pris 103 fois
  • Le résultat moyen est 6 sur 20
Statistiques - réponses
Question Ville % Correct
Capitale scandinave ayant pour nom un syndrome Stockholm
92%
Capitale des Pays-Bas Amsterdam
90%
Le mur des lamentations Jérusalem
79%
Plus grand port européen mesurant 42km de long Rotterdam
68%
Pas loin de 6 millions de soudanais et de soudanaises dans cette ville Khartoum
65%
Seconde ville la plus importante dans ce pays ayant Dodoma en capitale Dar es Salam
44%
Ville auvergnate ayant les grignotins pour spécialité Riom
41%
Ville de l'estuaire des fleuves Tocantins et Pará Belem
35%
Ville-capitale du Brandebourg Potsdam
26%
Ville de la banlieue sud de Los Angeles dans le comté d'Orange Anaheim
17%
Ville du même pays qu'au dessus ayant accueilli la F1 de nombreuses fois Hockenheim
17%
Ville du Mexique dans la province du Yucatan ayant une cité portuaire antique Maya Tulum
15%
Située à 80km d'Oran, elle comptait 146 000 habitants en 2008 Mostaganem
14%
Ville iranienne connu pour sa citadelle, dans un titre de Carla Lazzari Bam
8%
Ville du Maroc connue pour être la Porte du Désert Guelmim
5%
Ville allemande qui a faillit se renommer Vettelheim en l'honneur de Sébastian Vettel Heppenheim
5%
Plus grande ville située sur l'île de Lombok en Indonésie Mataram
5%
Titre d'une musique de Tchovo Schiltigheim
5%
En Afrique du Sud, on y serai très bien accueillie Welkom
4%
Un visa qui n'a pas de nom, compliqué pour rentrer dans l'Andhra Pradesh Visakhapatnam
3%
Aucun quiz correspondant
Distribution des résultats
% des personnes avec chaque résultat
Percentile par nombre de réponses
Votre historique - résultats
Vous n’avez pas pris ce quiz